000 01145pam a2200313 i 4500
001 9656
003 BD-RjUL
005 20211208234820.0
008 140121r19871981enka 001 0 eng
020 _a0521236827
020 _a0521281504 (pbk.)
035 _a(BD-RjUL)9701
040 _aDLC
_cDLC
_dBD-RjUL
_beng
041 _aeng
082 0 0 _a541.392
_219
_bDEP 1987
100 1 _aDenbigh, Kenneth George.
_929887
245 1 4 _aThe principles of chemical equilibrium :
_bwith applications in chemistry and chemical engineering /
_cby Kenneth Denbigh.
250 _a4th ed.
260 _aCambridge [Eng.] ;
_aNew York :
_bCambridge University Press,
_cc1981 [Reprinted 1987].
300 _axxi, 494 p. :
_bill. ;
_c23 cm.
500 _aIncludes index.
650 0 _aChemical equilibrium.
_928296
856 4 1 _3Sample text
_uhttp://www.loc.gov/catdir/samples/cam031/80040925.html
856 4 2 _3Publisher description
_uhttp://www.loc.gov/catdir/description/cam022/80040925.html
856 4 1 _3Table of contents
_uhttp://www.loc.gov/catdir/toc/cam028/80040925.html
942 _2ddc
_cBK
999 _c9656
_d9656